| 000 | 00507nam a2200217Ia 4500 | ||
|---|---|---|---|
| 003 | 0100 | ||
| 008 | 130307s9999 xx 000 0 und d | ||
| 040 | _cARRUPELIB | ||
| 050 | _aBD22.R33 1948 | ||
| 100 | _aRaeymaeker, Louis de | ||
| 245 | _aIntroduction to philosophy | ||
| 260 | _aNew York | ||
| 260 | _bJoseph F. Wagner | ||
| 260 | _c1947 | ||
| 300 | _a297p. | ||
| 300 | _b20cm | ||
| 650 | _aPHILOSOPHY | ||
| 650 | _bCatholic Church--Doctrines | ||
| 650 | _cTheology, Doctrinal | ||
| 942 | 0 | 0 | _01 |
| 999 |
_c94426 _d94426 |
||